书目信息 |
| 书名: | Applied research and evaluation methods in recreation | |
| 作者: | Diane Blankenship | |
| 分册号: | ||
| 分册名: | 出版地: | Champaign |
|
| 出版社: | Human Kinetics | |
| 出版时间: | 2010. | |
| 页数: | 188p | |
| 开本: | 32cm | |
| 丛书名: | ||
| 中图分类号: | ||
| 科图分类号: | ||
| 其他分类号: | C912.8 | |
| 主题词: | ||
| 电子资源: | ||
| 000 | 00431nam0 2200145 450 | |
| 001 | 202012001927 | |
| 005 | 20121115172738.0 | |
| 008 | 12111501s | |
| 020 | @a9780736077194@bhard@c$20.85 | |
| 099 | @dC912.8@eD538 | |
| 245 | 10 | @aApplied research and evaluation methods in recreation @cDiane Blankenship |
| 260 | 0 | @a Champaign@bHuman Kinetics@c2010. |
| 300 | @a188p@c32cm | |
| 905 | @b11707 | |
| 905 | @aTSG@dC912.8@eD538 | |
| Applied research and evaluation methods in recreation / Diane Blankenship.- Champaign : Human Kinetics , 2010. |
| 188p ; 32cm |
| ISBN 9780736077194hard$20.85 |
| ● |
| 相关链接 |
|
|
|
正题名:Applied research and evaluation methods
索取号:C912.8/D538
 
预约/预借
| 序号 | 登录号 | 条形码 | 馆藏地/架位号 | 状态 | 备注 |